书目信息 |
| 题名: |
山河记忆
|
|
| 作者: | ;生态环境部 编 | |
| 分册: | ||
| 出版信息: | 北京 中国环境出版集团 2020.04 |
|
| 页数: | xv, 300页 | |
| 开本: | 24cm | |
| 丛书名: | ||
| 单 册: | ||
| 中图分类: | X321.2-64 | |
| 科图分类: | ||
| 主题词: | 生态环境保护--sheng tai huan jing bao hu--中国--摄影集 | |
| 电子资源: | ||
| ISBN: | 978-7-5111-4162-0 | |
| 000 | 01029nam0 2200241 450 | |
| 001 | 202020140937 | |
| 005 | 20200926181358.0 | |
| 010 | @a978-7-5111-4162-0@dCNY192.00 | |
| 100 | @a20200919d2020 em y0chiy50 ea | |
| 101 | 0 | @achi |
| 102 | @aCN@b110000 | |
| 105 | @aa z 000yy | |
| 106 | @ar | |
| 200 | 1 | @a山河记忆@Ashan he ji yi@e中国生态环境保护掠影@f生态环境部宣传教育司编 |
| 210 | @a北京@c中国环境出版集团@d2020.04 | |
| 215 | @axv, 300页@c彩图@d24cm | |
| 330 | @a本书以图文结合的形式, 选取具有代表性、画面精美的照片和反映40年工作成就的图片, 展现改革开放40年生态环境领域取得的历史性变革和历史性成就。内容包括: 蓝天篇 ; 碧水篇 ; 海洋篇 ; 净土篇 ; 生态篇 ; 核安全篇 ; 国际篇等。 | |
| 517 | 1 | @a中国生态环境保护掠影@Azhong guo sheng tai huan jing bao hu lue ying |
| 606 | 0 | @a生态环境保护@Asheng tai huan jing bao hu@y中国@j摄影集 |
| 690 | @aX321.2-64@v5 | |
| 711 | 02 | @a生态环境部@Asheng tai huan jing bu@b宣传教育司@Bxuan chuan jiao yu si@4编 |
| 801 | 0 | @aCN@c20200610 |
| 905 | @a河南城建学院图书馆@dX321.2-64@eS468 | |
| 山河记忆:中国生态环境保护掠影/生态环境部宣传教育司编.-北京:中国环境出版集团,2020.04 |
| xv, 300页:彩图;24cm |
| ISBN 978-7-5111-4162-0:CNY192.00 |
| 本书以图文结合的形式, 选取具有代表性、画面精美的照片和反映40年工作成就的图片, 展现改革开放40年生态环境领域取得的历史性变革和历史性成就。内容包括: 蓝天篇 ; 碧水篇 ; 海洋篇 ; 净土篇 ; 生态篇 ; 核安全篇 ; 国际篇等。 |
| ● |
| 相关链接 |
|
|
|
正题名:山河记忆
索取号:X321.2-64/S468
 
预约/预借
| 序号 | 登录号 | 条形码 | 馆藏地/架位号 | 状态 | 备注 |
| 1 | 1491100 | 214911005 | 自科库501/501自科库 66排1列4层/ [索取号:X321.2-64/S468] | 在馆 |